Head first PMP / (Record no. 191098)

MARC details
000 -LEADER
fixed length control field 00751nam a2200241Ia 4500
003 - CONTROL NUMBER IDENTIFIER
control field OSt
005 - DATE AND TIME OF LATEST TRANSACTION
control field 20260312110141.0
008 - FIXED-LENGTH DATA ELEMENTS--GENERAL INFORMATION
fixed length control field 210716s2010 xx 000 0 und d
020 ## - INTERNATIONAL STANDARD BOOK NUMBER
International Standard Book Number 9788184048001
040 ## - CATALOGING SOURCE
Transcribing agency AIMIT LIBRARY
041 ## - LANGUAGE CODE
Language code of text/sound track or separate title eng
082 ## - DEWEY DECIMAL CLASSIFICATION NUMBER
Classification number 658.404
Edition number 2
Item number GREJ
100 ## - MAIN ENTRY--PERSONAL NAME
Personal name Greene, Jennifer.
9 (RLIN) 258596
245 ## - TITLE STATEMENT
Title Head first PMP /
Statement of responsibility, etc. By Jennifer and Andrew Stellman.
250 ## - EDITION STATEMENT
Edition statement 2nd ed.
260 ## - PUBLICATION, DISTRIBUTION, ETC.
Place of publication, distribution, etc. Mumbai :
Name of publisher, distributor, etc. Shroff Publishers and Distributors Pvt Ltd ,
Date of publication, distribution, etc. 2010.
300 ## - PHYSICAL DESCRIPTION
Extent xxxvi,795,22 p.;
Other physical details PB
Dimensions 23.5 cm.
650 ## - SUBJECT ADDED ENTRY--TOPICAL TERM
Topical term or geographic name entry element Getting the job done
9 (RLIN) 258597
650 ## - SUBJECT ADDED ENTRY--TOPICAL TERM
Topical term or geographic name entry element Doing the right stuff
9 (RLIN) 258598
650 ## - SUBJECT ADDED ENTRY--TOPICAL TERM
Topical term or geographic name entry element Watching the bottom line
9 (RLIN) 258599
700 ## - ADDED ENTRY--PERSONAL NAME
Personal name Stellman, Andrew.
9 (RLIN) 258600
942 ## - ADDED ENTRY ELEMENTS (KOHA)
Source of classification or shelving scheme Dewey Decimal Classification
Koha item type Book
Edition 2
Call number prefix 658.404 GREJ
Holdings
Withdrawn status Lost status Source of classification or shelving scheme Damaged status Not for loan Collection code Home library Current library Shelving location Source of acquisition Cost, normal purchase price Inventory number Total Checkouts Full call number Barcode Date last seen Cost, replacement price Price effective from Koha item type
    Dewey Decimal Classification     MCA St Aloysius Institute of Management & Information Technology St Aloysius Institute of Management & Information Technology Project Management Knowledge World 600.00 Bill no:66; Bill dt:2010-12-23   658.404 GREJ MCA10606 07/21/2025 450.00 07/16/2021 Book